L'universo della mente /

I tiakina i:
Ngā taipitopito rārangi puna kōrero
Ngā kaituhi matua: Hooper, Judith (Author), Teresi, Dick (Author)
Hōputu: Pukapuka
Reo:Itāriana
I whakaputaina: Milano : CDE, stampa 1987
Ngā Tūtohu: Tāpirihia he Tūtohu
Kāore He Tūtohu, Me noho koe te mea tuatahi ki te tūtohu i tēnei pūkete!

MARC

LEADER 00000nam a22000007i 4500
001 IT\ICCU\RAV\0739927
003 ItRI
005 20260115232316.0
008 010404s1987 it |||||| ||||| |||||c
040 |b ita  |c importazione bologna sebina 
041 7 |a ita  |2 ISO-639-2 
100 1 |a Hooper, Judith  |0 IT\ICCU\CFIV\058467  |4 aut 
240 1 4 |a The three-pound universe. -  |3 IT\ICCU\CFI\0090834  |9 Hooper, Judith 
245 1 2 |a L'universo della mente /  |c Judith Hooper, Dick Teresi. 
260 |a Milano :  |b CDE,  |c stampa 1987 
300 |a 487 p. :  |b ill. ;  |c 25 cm 
500 |a Traduzione di Libero Sosio. 
700 1 |a Teresi, Dick  |0 IT\ICCU\CFIV\058468  |4 aut 
942 |2 ddc  |c BK  |n 0 
952 |0 0  |1 0  |4 0  |6 DOC_152_000000000000000_HOO  |7 0  |9 23951  |a BO  |b BO  |d 2026-01-15  |i 11081  |l 0  |o DOC 152 HOO  |p BO11081  |r 2026-01-15 23:23:16  |w 2026-01-15  |x [Sebina 5] [1 v.]  |y BK  |z 1 v. 
999 |c 20398  |d 20398